[Event "BSF Lang Weekend EMT "]
[Site "Copenhagen"]
[Date "2016.02.13"]
[Round "3"]
[White "Eriksson, Christian Altenburg"]
[Black "Moe, Mogens"]
[Result "1-0"]
[WhiteElo "2182"]
[BlackElo "2105"]
[PlyCount "131"]
[EventDate "2016.02.12"]
[EventType "swiss"]
[EventRounds "7"]
[EventCountry "DEN"]

1. e4 c5 2. c3 Nf6 3. e5 Nd5 4. d4 cxd4 5. Nf3 Nc6 6. cxd4 e6 7. Bc4 Nb6 8. Bb3
d6 9. Qe2 Be7 10. O-O O-O 11. Rd1 Bd7 12. Nc3 d5 13. Bc2 f5 14. exf6 Bxf6 15.
Ne5 Bxe5 16. dxe5 Qh4 17. g3 Qh3 18. f4 Be8 19. Qg2 Qxg2+ 20. Kxg2 Bh5 21. Rf1
Rac8 22. Bd1 Bg6 23. Bg4 Rfe8 24. a4 Nd4 25. Bd1 Bd3 26. Rf2 Nc4 27. Nb5 Nxb5
28. axb5 a6 29. bxa6 bxa6 30. b3 Na5 31. Bb2 Nc6 32. Bf3 g6 33. Rd2 Bb5 34. h4
Nb4 35. h5 gxh5 36. Bxh5 Re7 37. Ba3 Nc2 38. Bxe7 Nxa1 39. Bd1 Rc3 40. Bb4 Rd3
41. Kf2 d4 42. Rxd3 Bxd3 43. Bc5 Nc2 44. g4 Be4 45. Bf3 Bg6 46. Ke2 Na1 47.
Bxd4 Nxb3 48. Bb2 Nc5 49. Ke3 Bb1 50. Ba3 Nb3 51. Be2 Na5 52. Bxa6 Kf7 53. Bb4
Nc6 54. Bc3 Ba2 55. Bd3 h6 56. f5 Ne7 57. Bd2 h5 58. gxh5 Nxf5+ 59. Kf4 Ne7 60.
Kg5 Bd5 61. Bb4 Nc6 62. Bg6+ Kg8 63. Bd6 Nd8 64. Kf6 Nc6 65. h6 Kh8 66. Bf8 1-0

[Event "BSF Lang Weekend EMT "]
[Site "Copenhagen"]
[Date "2016.02.13"]
[Round "3"]
[White "Frank Nielsen, Marie"]
[Black "Pedersen, Hans Dahl"]
[Result "1/2-1/2"]
[WhiteElo "1968"]
[BlackElo "2190"]
[PlyCount "86"]
[EventDate "2016.02.12"]
[EventType "swiss"]
[EventRounds "7"]
[EventCountry "DEN"]

1. e4 c5 2. Nf3 e6 3. d4 cxd4 4. Nxd4 a6 5. Nc3 Qc7 6. Bd3 Nf6 7. O-O Bc5 8.
Nb3 Be7 9. Qe2 d6 10. f4 Nbd7 11. Kh1 b5 12. a3 Bb7 13. Bd2 Rc8 14. Rae1 e5 15.
Nd1 Nc5 16. Nxc5 Qxc5 17. Nf2 Qc7 18. Rc1 O-O 19. c4 bxc4 20. Bxc4 Qb6 21. b4
Qa7 22. Bd3 Rxc1 23. Rxc1 Rc8 24. Rf1 Qd4 25. f5 Qb2 26. Bxa6 Bxa6 27. Qxa6 Rc2
28. Be3 Qb3 29. Qa7 Qc4 30. Kg1 Bf8 31. Qb7 h6 32. a4 Re2 33. Ba7 Nxe4 34. Nxe4
Rxe4 35. a5 d5 36. a6 Bxb4 37. Bf2 Re2 38. a7 Rxf2 39. a8=Q+ Kh7 40. Kxf2 Qf4+
41. Ke2 Qd2+ 42. Kf3 Qf4+ 43. Ke2 Qd2+ 1/2-1/2

[Event "BSF Lang Weekend EMT "]
[Site "Copenhagen"]
[Date "2016.02.13"]
[Round "3"]
[White "Nielsen, Klaus"]
[Black "Jacobsen, Mikkel Manosri"]
[Result "1-0"]
[WhiteElo "2097"]
[BlackElo "2188"]
[PlyCount "55"]
[EventDate "2016.02.12"]
[EventType "swiss"]
[EventRounds "7"]
[EventCountry "DEN"]

1. d4 d5 2. Nf3 Nf6 3. e3 c5 4. dxc5 e6 5. b4 a5 6. c3 axb4 7. cxb4 b6 8. Bb5+
Bd7 9. Bxd7+ Qxd7 10. a4 Na6 11. Ba3 bxc5 12. b5 Nb4 13. O-O Bd6 14. Bxb4 cxb4
15. Nd4 O-O 16. Nd2 Rfe8 17. Nc6 e5 18. Qe2 e4 19. h3 Bc7 20. Rfd1 Qd6 21. Nf1
Nd7 22. Qa2 Nb6 23. Qb3 Re6 24. Qxb4 Qd7 25. a5 Bd6 26. Qd4 Rg6 27. axb6 Re8
28. Ng3 1-0

[Event "BSF Lang Weekend EMT "]
[Site "Copenhagen"]
[Date "2016.02.13"]
[Round "3"]
[White "Griffith, Kyron"]
[Black "Brondal, Paul"]
[Result "1-0"]
[WhiteElo "2315"]
[BlackElo "2100"]
[PlyCount "45"]
[EventDate "2016.02.12"]
[EventType "swiss"]
[EventRounds "7"]
[EventCountry "DEN"]

1. e4 c6 2. d4 d5 3. e5 Bf5 4. h4 Na6 5. g4 Bd7 6. Nc3 Nc7 7. Be3 g6 8. h5 Bg7
9. Be2 f6 10. f4 g5 11. fxg5 fxg5 12. Nh3 Ne6 13. Nxg5 Qb6 14. Nxe6 Bxe6 15.
Qd2 Qc7 16. O-O-O O-O-O 17. Kb1 h6 18. Rhf1 Qd7 19. Qd3 Qe8 20. Na4 b6 21.
Nxb6+ axb6 22. Qa6+ Kb8 23. Qxb6+ 1-0

[Event "BSF Lang Weekend EMT "]
[Site "Copenhagen"]
[Date "2016.02.13"]
[Round "3"]
[White "Ostergaard, Jens"]
[Black "Karlsson, Ulf"]
[Result "1-0"]
[WhiteElo "2266"]
[BlackElo "2045"]
[PlyCount "85"]
[EventDate "2016.02.12"]
[EventType "swiss"]
[EventRounds "7"]
[EventCountry "DEN"]

1. d4 d5 2. c4 e6 3. Nf3 c5 4. cxd5 exd5 5. Nc3 Nc6 6. g3 Nf6 7. Bg2 Be7 8. O-O
O-O 9. b3 Bf5 10. Bb2 Rc8 11. dxc5 Bxc5 12. Na4 Be7 13. Rc1 Nb4 14. Nd4 Be4 15.
a3 Nc6 16. Bh3 Nd7 17. Nxc6 Rxc6 18. Rxc6 bxc6 19. Qd4 Bf6 20. Qxa7 Bxb2 21.
Nxb2 Nf6 22. Rc1 Qd6 23. Nd3 Ne8 24. Qc5 Qh6 25. Bg2 Qd2 26. Qc2 Qa5 27. Bxe4
dxe4 28. Nc5 Nf6 29. a4 Qb4 30. Qc3 Qxc3 31. Rxc3 Nd5 32. Rc4 e3 33. Nd3 Rb8
34. Rxc6 Kf8 35. Rc5 exf2+ 36. Kxf2 Nf6 37. Rb5 Rxb5 38. axb5 Ke7 39. Ke3 Kd6
40. Kd4 Nd7 41. Nb2 h6 42. Nc4+ Kc7 43. Ne5 1-0

[Event "BSF Lang Weekend EMT "]
[Site "Copenhagen"]
[Date "2016.02.13"]
[Round "3"]
[White "Nielsen, Morten Majlund"]
[Black "Schou Moldt, Thomas"]
[Result "0-1"]
[WhiteElo "1995"]
[BlackElo "2216"]
[PlyCount "116"]
[EventDate "2016.02.12"]
[EventType "swiss"]
[EventRounds "7"]
[EventCountry "DEN"]

1. e4 c5 2. Nf3 d6 3. d4 cxd4 4. Nxd4 Nf6 5. Nc3 g6 6. Be3 Bg7 7. f3 O-O 8. Qd2
Nc6 9. Bc4 Bd7 10. O-O-O Rc8 11. Bb3 Nxd4 12. Bxd4 b5 13. Rhe1 b4 14. Nd5 Nxd5
15. Bxg7 Kxg7 16. Qxd5 a5 17. e5 a4 18. Qd4 axb3 19. exd6+ e5 20. Qxe5+ Kg8 21.
axb3 Re8 22. Qd4 Rxe1 23. Rxe1 Qg5+ 24. Qd2 Qa5 25. Kd1 Qa1+ 26. Qc1 Qa6 27.
Qf4 Rc6 28. Re2 Qa1+ 29. Qc1 Qa7 30. Qf4 Qg1+ 31. Kd2 Qc5 32. Qe3 Qxd6+ 33. Ke1
Qxh2 34. Kf2 Qc7 35. Qe4 Qb6+ 36. Qe3 Qxe3+ 37. Kxe3 Bf5 38. Kd4 Bxc2 39. Re8+
Kg7 40. Rb8 Bxb3 41. Rxb4 Bd1 42. Ke3 h5 43. Kf4 f6 44. Kg3 Bc2 45. Rb7+ Kh6
46. b4 Bd3 47. Rd7 Rc3 48. Rd6 Rb3 49. Rxf6 Rxb4 50. Rd6 Bf5 51. Ra6 Rb2 52.
Rd6 h4+ 53. Kxh4 Rxg2 54. Rb6 Rg1 55. Rc6 Rh1+ 56. Kg3 Kg5 57. f4+ Kh5 58. Rc7
Rh3+ 0-1

[Event "BSF Lang Weekend EMT "]
[Site "Copenhagen"]
[Date "2016.02.13"]
[Round "3"]
[White "Nielsen, Viktor"]
[Black "Yssing, Klaus"]
[Result "1-0"]
[WhiteElo "2189"]
[BlackElo "2011"]
[PlyCount "111"]
[EventDate "2016.02.12"]
[EventType "swiss"]
[EventRounds "7"]
[EventCountry "DEN"]

1. e4 Nf6 2. e5 Nd5 3. d4 Nb6 4. Nf3 d5 5. Bd3 Bg4 6. h3 Bh5 7. e6 Qd6 8. exf7+
Bxf7 9. Ne5 Qe6 10. O-O N8d7 11. Nxf7 Qxf7 12. Re1 g6 13. Bg5 O-O-O 14. a4 Nc4
15. Bxc4 dxc4 16. Qe2 Re8 17. Qe6 Qf5 18. Qxf5 gxf5 19. Nd2 Bg7 20. Bxe7 Bxd4
21. Nxc4 Nb6 22. Nxb6+ axb6 23. c3 Bc5 24. Bxc5 bxc5 25. Kf1 Kd7 26. Rxe8 Rxe8
27. Re1 Ra8 28. Re5 Kd6 29. Rxf5 Rxa4 30. Rf6+ Kd5 31. Rf5+ Kc6 32. Re5 Ra2 33.
Re2 Ra1+ 34. Re1 Ra2 35. Rb1 Kd5 36. Ke2 Kc4 37. f4 Kb3 38. f5 Ra8 39. g4 Kc2
40. Rf1 Re8+ 41. Kf3 Kxb2 42. c4 Kc3 43. Rc1+ Kd3 44. f6 b5 45. cxb5 c4 46.
Rd1+ Kc2 47. Rd7 c3 48. Rxc7 Kb2 49. b6 c2 50. b7 c1=Q 51. Rxc1 Kxc1 52. f7 Rf8
53. Ke4 Kd2 54. Ke5 Ke3 55. Kd6 Kd4 56. Ke7 1-0

[Event "BSF Lang Weekend EMT "]
[Site "Copenhagen"]
[Date "2016.02.13"]
[Round "3"]
[White "Vasli, Aref"]
[Black "Andersen, Daniel"]
[Result "1/2-1/2"]
[WhiteElo "2169"]
[BlackElo "1906"]
[PlyCount "82"]
[EventDate "2016.02.12"]
[EventType "swiss"]
[EventRounds "7"]
[EventCountry "DEN"]

1. d4 e6 2. Nf3 f5 3. Bg5 Nf6 4. Nbd2 d5 5. e3 Bd6 6. Bd3 Nbd7 7. Qe2 c5 8. c3
O-O 9. h3 Qb6 10. Rb1 Ne4 11. Bf4 Qc7 12. Bxd6 Qxd6 13. O-O c4 14. Bc2 b5 15.
Nxe4 fxe4 16. Nd2 e5 17. f3 exf3 18. Rxf3 e4 19. Rxf8+ Nxf8 20. Rf1 Be6 21. Qh5
b4 22. Rf2 bxc3 23. bxc3 Qa3 24. Bxe4 dxe4 25. Nxe4 Qc1+ 26. Kh2 Qxe3 27. Qe5
Qh6 28. d5 Bd7 29. Qe7 Qg6 30. Nd6 Ba4 31. Rf3 Nd7 32. Nf5 Qf6 33. Qb4 Qe5+ 34.
Kg1 Bc2 35. Ne7+ Kh8 36. Qb7 Rb8 37. Qxd7 Rb1+ 38. Rf1 Qe3+ 39. Kh2 Qe5+ 40.
Kg1 Qe3+ 41. Kh2 Qe5+ 1/2-1/2

[Event "BSF Lang Weekend EMT "]
[Site "Copenhagen"]
[Date "2016.02.13"]
[Round "3"]
[White "Andersen, Rune"]
[Black "Moller, Arne"]
[Result "1/2-1/2"]
[WhiteElo "2149"]
[BlackElo "1853"]
[PlyCount "118"]
[EventDate "2016.02.12"]
[EventType "swiss"]
[EventRounds "7"]
[EventCountry "DEN"]

1. d4 Nf6 2. c4 e6 3. Nc3 Bb4 4. f3 O-O 5. e4 d6 6. a3 Bxc3+ 7. bxc3 h6 8. f4
Nxe4 9. Nf3 b6 10. Bd3 Bb7 11. O-O Nd7 12. Qc2 f5 13. Nd2 Ndf6 14. a4 a5 15.
Ba3 Re8 16. Rae1 Rb8 17. h3 Qd7 18. Bb2 Nxd2 19. Qxd2 Qxa4 20. d5 exd5 21. cxd5
Bxd5 22. c4 Be4 23. Bxf6 gxf6 24. Bxe4 Rxe4 25. Qd5+ Kg7 26. Rxe4 fxe4 27. f5
Qd7 28. Rf4 c6 29. Qxe4 Rg8 30. Qe3 Kf8 31. Qxb6 a4 32. Qa5 Rg5 33. c5 d5 34.
Qxa4 h5 35. Qa1 Qe7 36. Kh1 Qe5 37. Qf1 d4 38. Qf2 d3 39. Rf3 Qd5 40. Qd2 Qxc5
41. Rxd3 Qxf5 42. Qb4+ c5 43. Qb8+ Kg7 44. Qb7+ Kg6 45. Rf3 Qc2 46. Rf1 Qd3 47.
Rf2 Rf5 48. Rxf5 Qxf5 49. Qb8 Qe6 50. Qg3+ Kf7 51. Qc7+ Qe7 52. Qc6 Qe1+ 53.
Kh2 Qe5+ 54. Kh1 h4 55. Qd7+ Kg6 56. Qg4+ Qg5 57. Qe4+ Kh6 58. Qc4 Kg7 59. Qe4
Kh6 1/2-1/2

[Event "BSF Lang Weekend EMT "]
[Site "Copenhagen"]
[Date "2016.02.13"]
[Round "3"]
[White "Gustafsson, Magnus"]
[Black "Nielsen, Thomas Bach"]
[Result "1-0"]
[WhiteElo "1950"]
[BlackElo "2134"]
[PlyCount "51"]
[EventDate "2016.02.12"]
[EventType "swiss"]
[EventRounds "7"]
[EventCountry "DEN"]

1. e4 c6 2. d4 d5 3. e5 Bf5 4. Nf3 e6 5. Be2 c5 6. O-O Nc6 7. c3 Qb6 8. Na3
cxd4 9. cxd4 a6 10. Nc2 Nge7 11. Ne3 Be4 12. Ng5 Qxd4 13. Nxe4 Qxe4 14. f4 Ng6
15. Nc2 Bc5+ 16. Kh1 Nh4 17. Ne1 g6 18. a3 O-O 19. Bd3 Qd4 20. g3 Nxe5 21. fxe5
Nf5 22. Qe2 Rfe8 23. Ng2 Qa4 24. Bg5 Nd4 25. Qf2 Qd7 26. Be3 1-0

[Event "BSF Lang Weekend EMT "]
[Site "Copenhagen"]
[Date "2016.02.13"]
[Round "3"]
[White "Laustsen, Lars"]
[Black "Liu, Casper Yukun"]
[Result "1-0"]
[WhiteElo "2102"]
[BlackElo "1519"]
[PlyCount "35"]
[EventDate "2016.02.12"]
[EventType "swiss"]
[EventRounds "7"]
[EventCountry "DEN"]

1. d4 d5 2. c4 e6 3. Nf3 Bd6 4. g3 c5 5. cxd5 exd5 6. Bg2 b6 7. dxc5 Bxc5 8.
O-O h6 9. Nc3 Bb7 10. Ne5 Nf6 11. Qa4+ Nbd7 12. Rd1 Qe7 13. Nxd5 Bxd5 14. Bxd5
Nxd5 15. Rxd5 Rd8 16. Bf4 f6 17. Nxd7 Rxd7 18. Rad1 1-0

[Event "BSF Lang Weekend EMT "]
[Site "Copenhagen"]
[Date "2016.02.13"]
[Round "3"]
[White "Pedersen, Bo V"]
[Black "Kistrup, Nicolai"]
[Result "0-1"]
[WhiteElo "1549"]
[BlackElo "2058"]
[PlyCount "62"]
[EventDate "2016.02.12"]
[EventType "swiss"]
[EventRounds "7"]
[EventCountry "DEN"]

1. d4 Nf6 2. c4 b6 3. Nc3 Bb7 4. Bf4 e6 5. e3 Bb4 6. Nge2 O-O 7. a3 Be7 8. b4
a5 9. b5 d6 10. d5 e5 11. Bg3 Ne8 12. Rc1 Nd7 13. Na4 f5 14. h3 Bg5 15. f4 Bh6
16. h4 Nef6 17. Nec3 Ng4 18. Qe2 exf4 19. Bf2 Ndf6 20. Nd1 Re8 21. Rc3 Ne4 22.
Rb3 Ngxf2 23. Nxf2 Ng3 24. Qf3 Nxh1 25. Nxh1 fxe3 26. g3 Qf6 27. Rc3 Qd4 28.
Rc2 e2 29. Rxe2 Rxe2+ 30. Qxe2 Kf8 31. Qd3 Re8+ 0-1

[Event "BSF Lang Weekend EMT "]
[Site "Copenhagen"]
[Date "2016.02.13"]
[Round "3"]
[White "Madsen, Michael Ole"]
[Black "Pawlak, Wojciech Zbigniew"]
[Result "1-0"]
[WhiteElo "2071"]
[BlackElo "1775"]
[PlyCount "86"]
[EventDate "2016.02.12"]
[EventType "swiss"]
[EventRounds "7"]
[EventCountry "DEN"]

1. d4 d5 2. c4 e6 3. Nc3 Nf6 4. cxd5 exd5 5. Bg5 Be7 6. e3 c6 7. Qc2 h6 8. Bh4
Nbd7 9. Bd3 O-O 10. Nf3 Re8 11. O-O Ne4 12. Bxe7 Qxe7 13. b4 Ndf6 14. Rab1 Nxc3
15. Qxc3 Ne4 16. Qc2 Bf5 17. b5 Rac8 18. Qb3 Be6 19. bxc6 bxc6 20. Rfd1 c5 21.
dxc5 Nxc5 22. Qa3 Nxd3 23. Qxd3 Qc5 24. Nd4 Qc4 25. h3 Qxd3 26. Rxd3 Rc7 27.
Ra3 Rec8 28. Ra6 Re7 29. Rb3 Rcc7 30. Nc6 Red7 31. Rba3 Rd6 32. Ne7+ Rxe7 33.
Rxd6 Rc7 34. Rda6 Rc1+ 35. Kh2 Rc2 36. Kg3 Rd2 37. Rxa7 d4 38. exd4 Rxd4 39.
Re3 Rd2 40. a4 h5 41. h4 Ra2 42. a5 Ra4 43. f3 Bc4 1-0

[Event "BSF Lang Weekend EMT "]
[Site "Copenhagen"]
[Date "2016.02.13"]
[Round "3"]
[White "Jorgensen, Mikkel"]
[Black "van den Brink, Nienke"]
[Result "1-0"]
[WhiteElo "1871"]
[BlackElo "1688"]
[PlyCount "95"]
[EventDate "2016.02.12"]
[EventType "swiss"]
[EventRounds "7"]
[EventCountry "DEN"]

1. e4 e6 2. d4 d5 3. Nd2 Nf6 4. e5 Nfd7 5. Bd3 c5 6. c3 Nc6 7. Ne2 Qc7 8. f4
cxd4 9. cxd4 Bb4 10. O-O O-O 11. Nf3 f5 12. Bd2 Be7 13. Rc1 Qd8 14. Bb1 Nb6 15.
b3 Bd7 16. Kh1 Rc8 17. Rg1 Be8 18. Ng5 Bxg5 19. fxg5 Bh5 20. Be3 f4 21. g4 Bxg4
22. Rxg4 fxe3 23. Qd3 g6 24. h4 Rf3 25. Rf4 Rxf4 26. Nxf4 Qe8 27. Qxe3 Qf7 28.
Rf1 Rf8 29. h5 Ne7 30. hxg6 Nxg6 31. Bxg6 hxg6 32. Qh3 Qh7 33. Qxh7+ Kxh7 34.
Kg2 Rf5 35. Nxe6 Kg8 36. Rxf5 gxf5 37. Kf3 Kf7 38. Nd8+ Ke7 39. g6 Kf8 40. Kf4
Kg7 41. Kxf5 Nc8 42. Ne6+ Kg8 43. Kf6 Nb6 44. Nd8 Nd7+ 45. Ke7 Nb6 46. e6 Kg7
47. Nxb7 Kxg6 48. Kd8 1-0

[Event "BSF Lang Weekend EMT "]
[Site "Copenhagen"]
[Date "2016.02.13"]
[Round "3"]
[White "Henriksen, Christian Steen"]
[Black "Kristensen, Lars Ostergaard"]
[Result "1/2-1/2"]
[WhiteElo "1840"]
[BlackElo "1682"]
[PlyCount "47"]
[EventDate "2016.02.12"]
[EventType "swiss"]
[EventRounds "7"]
[EventCountry "DEN"]

1. d4 d5 2. c4 c6 3. Nc3 e6 4. Nf3 Nf6 5. Bg5 Nbd7 6. e3 Qa5 7. Qc2 Bb4 8. Nd2
O-O 9. Bh4 Re8 10. Be2 e5 11. dxe5 Bxc3 12. bxc3 Rxe5 13. O-O Ne4 14. cxd5 cxd5
15. Nxe4 dxe4 16. Rfd1 Re8 17. Rd4 Nc5 18. Rad1 Be6 19. c4 Rac8 20. R1d2 h6 21.
Qd1 Na4 22. Qb3 Nc5 23. Qb1 Na4 24. Qb3 1/2-1/2

[Event "BSF Lang Weekend EMT "]
[Site "Copenhagen"]
[Date "2016.02.13"]
[Round "3"]
[White "Eiholt, Bjarne"]
[Black "Mouritsen, Jan"]
[Result "0-1"]
[WhiteElo "1612"]
[BlackElo "1802"]
[PlyCount "96"]
[EventDate "2016.02.12"]
[EventType "swiss"]
[EventRounds "7"]
[EventCountry "DEN"]

1. d4 Nf6 2. c4 g6 3. Nc3 Bg7 4. Bf4 d6 5. h3 O-O 6. Nf3 Nbd7 7. e3 c6 8. Be2
Re8 9. O-O Nh5 10. Bh2 Qc7 11. Rc1 e5 12. b4 exd4 13. exd4 Bh6 14. Rc2 Nf8 15.
c5 Nf4 16. Re1 Bf5 17. Rb2 Qd7 18. Nh4 d5 19. Nxf5 Qxf5 20. Rb1 N8e6 21. Bg4
Qg5 22. b5 f5 23. Bf3 Nxh3+ 24. Kf1 Nhf4 25. bxc6 bxc6 26. Qa4 Qh4 27. Kg1 Nxd4
28. Bg3 Nxf3+ 29. gxf3 Nh3+ 30. Kg2 Qxa4 31. Nxa4 Nf4+ 32. Kf1 Rxe1+ 33. Rxe1
Kf7 34. Rb1 Re8 35. Rb7+ Re7 36. Rb8 Ne6 37. Rh8 Kf6 38. Rc8 f4 39. Bh2 Rc7 40.
Rh8 Nd4 41. Kg2 Nf5 42. Nb2 Nh4+ 43. Kh3 Nxf3 44. Nd3 g5 45. Nb4 g4+ 46. Kg2
Re7 47. Nxc6 Re1 48. Nb4 Nh4# 0-1

[Event "BSF Lang Weekend EMT "]
[Site "Copenhagen"]
[Date "2016.02.14"]
[Round "4"]
[White "Aabling Thomsen, Jakob"]
[Black "Fredericia, Louise Winther"]
[Result "1-0"]
[WhiteElo "2329"]
[BlackElo "2093"]
[PlyCount "77"]
[EventDate "2016.02.12"]
[EventType "swiss"]
[EventRounds "7"]
[EventCountry "DEN"]

1. e4 e6 2. d3 d5 3. Qe2 Nf6 4. Nf3 Be7 5. g3 c5 6. Bg2 Nc6 7. O-O O-O 8. e5
Nd7 9. c4 d4 10. h4 Qc7 11. Bf4 b6 12. Nbd2 Bb7 13. Rfe1 a6 14. Nh2 Rfe8 15.
Ng4 Bf8 16. h5 Nd8 17. Ne4 Rb8 18. h6 Bxe4 19. hxg7 Bxg7 20. Bxe4 Kh8 21. Nf6
Bxf6 22. Qh5 Nf8 23. exf6 e5 24. Qh6 Nde6 25. Bxh7 exf4 26. Rxe6 fxe6 27. Bg6+
Kg8 28. f7+ Qxf7 29. Bxf7+ Kxf7 30. Qxf4+ Ke7 31. Kg2 Kd7 32. Rh1 Kc6 33. Rh8
b5 34. cxb5+ axb5 35. b4 Rbd8 36. bxc5 e5 37. Rh6+ Kxc5 38. Qc1+ Kb4 39. Rc6
1-0

[Event "BSF Lang Weekend EMT "]
[Site "Copenhagen"]
[Date "2016.02.14"]
[Round "4"]
[White "Thorsbro, Peter"]
[Black "Thuesen, Mogens Henrik"]
[Result "1-0"]
[WhiteElo "2220"]
[BlackElo "2169"]
[PlyCount "99"]
[EventDate "2016.02.12"]
[EventType "swiss"]
[EventRounds "7"]
[EventCountry "DEN"]

1. d4 Nf6 2. c4 g6 3. Nc3 Bg7 4. e4 d6 5. Be2 O-O 6. Nf3 e5 7. Be3 Qe8 8. d5
Na6 9. Nd2 Bd7 10. O-O h6 11. b4 Qc8 12. c5 Ng4 13. c6 bxc6 14. dxc6 Be6 15.
Qa4 Nb8 16. Bxg4 Bxg4 17. Nd5 Kh7 18. b5 Be6 19. Rfc1 f5 20. b6 cxb6 21. Nxb6
Qa6 22. Qxa6 Nxa6 23. Nxa8 Rxa8 24. f3 d5 25. exd5 Bxd5 26. Rab1 Rc8 27. Bxa7
e4 28. fxe4 fxe4 29. Be3 Bxa2 30. Rb7 Bd5 31. Bd4 Nc7 32. Bxg7 Kxg7 33. Rc5 Kf6
34. Rxc7 Rxc7 35. Rxd5 Rxc6 36. Nxe4+ Ke7 37. Kf2 Rb6 38. Nd2 Ke6 39. Re5+ Kf6
40. Re2 Rb4 41. Nf3 Ra4 42. Rb2 Ra6 43. Rb8 Rd6 44. Rb7 Ra6 45. Rh7 h5 46. h4
Ra2+ 47. Kg3 Ra3 48. Kh2 Ra6 49. Ng5 Kf5 50. Kh3 1-0

[Event "BSF Lang Weekend EMT "]
[Site "Copenhagen"]
[Date "2016.02.14"]
[Round "4"]
[White "Nilssen, John Arni"]
[Black "Eriksson, Christian Altenburg"]
[Result "1-0"]
[WhiteElo "2285"]
[BlackElo "2182"]
[PlyCount "65"]
[EventDate "2016.02.12"]
[EventType "swiss"]
[EventRounds "7"]
[EventCountry "DEN"]

1. d4 d5 2. c4 c6 3. Nf3 Nf6 4. Nc3 dxc4 5. a4 Bf5 6. e3 e6 7. Bxc4 Bb4 8. O-O
Nbd7 9. h3 Bg6 10. Qb3 a5 11. Na2 Qe7 12. Nxb4 Qxb4 13. Qxb4 axb4 14. Bd2 Nb6
15. Bb3 Nbd5 16. Rfc1 O-O 17. Ne5 Rfd8 18. f3 Rac8 19. a5 c5 20. Rxc5 Rxc5 21.
dxc5 Nc7 22. Bxb4 Na6 23. Ba3 Rc8 24. e4 Ne8 25. Ba4 Nec7 26. b4 f6 27. Nxg6
hxg6 28. b5 Nb8 29. Rd1 e5 30. Bb3+ Kh7 31. Bc4 Re8 32. Rd6 Kh6 33. Kf2 1-0

[Event "BSF Lang Weekend EMT "]
[Site "Copenhagen"]
[Date "2016.02.14"]
[Round "4"]
[White "Ostergaard, Jens"]
[Black "Nielsen, Klaus"]
[Result "1/2-1/2"]
[WhiteElo "2266"]
[BlackElo "2097"]
[PlyCount "137"]
[EventDate "2016.02.12"]
[EventType "swiss"]
[EventRounds "7"]
[EventCountry "DEN"]

1. d4 Nf6 2. Nf3 d5 3. c4 e6 4. Nc3 Bb4 5. Bg5 h6 6. Bxf6 Qxf6 7. e3 O-O 8. Qb3
c5 9. cxd5 exd5 10. a3 Bxc3+ 11. Qxc3 c4 12. b3 cxb3 13. Qxb3 Rd8 14. Be2 Nc6
15. O-O Rb8 16. Rac1 Be6 17. Rc5 Qe7 18. Rfc1 Qd6 19. Ne1 Rdc8 20. Qa4 Rd8 21.
Bb5 Ne7 22. Qxa7 Nc8 23. Qa4 Nb6 24. Qb4 Ra8 25. Nf3 f6 26. h3 Nc4 27. Bxc4
dxc4 28. Nd2 b6 29. Rb5 Rxa3 30. Qxd6 Rxd6 31. Nxc4 Rc6 32. d5 Bxd5 33. Rxd5
Ra4 34. Rd6 Rc8 35. Rxb6 Raxc4 36. Rxc4 Rxc4 37. Kh2 Kh7 38. g4 Rc5 39. Kg3 Kg6
40. Kf4 h5 41. Rb7 hxg4 42. hxg4 Rc2 43. f3 Rc5 44. Ke4 Rc4+ 45. Kd3 Ra4 46.
Re7 Ra3+ 47. Kd4 Ra4+ 48. Kd5 Ra5+ 49. Kc4 Ra4+ 50. Kd3 Ra3+ 51. Ke2 Ra2+ 52.
Kf1 Kh6 53. f4 Rh2 54. Kg1 Rh4 55. g5+ fxg5 56. f5 Rb4 57. Kg2 g4 58. e4 Rb3
59. Re6+ Kg5 60. Rg6+ Kf4 61. Rxg7 Rb2+ 62. Kf1 Kf3 63. Ke1 Re2+ 64. Kf1 Rxe4
65. Ra7 Rf4 66. Ra3+ Ke4+ 67. Kg2 Kxf5 68. Kg3 Rb4 69. Ra5+ 1/2-1/2

[Event "BSF Lang Weekend EMT "]
[Site "Copenhagen"]
[Date "2016.02.14"]
[Round "4"]
[White "Dalsberg, Sandra de Blecourt"]
[Black "Griffith, Kyron"]
[Result "1-0"]
[WhiteElo "2111"]
[BlackElo "2315"]
[PlyCount "131"]
[EventDate "2016.02.12"]
[EventType "swiss"]
[EventRounds "7"]
[EventCountry "DEN"]

1. d4 d5 2. c4 e6 3. Nc3 Be7 4. Bf4 Nf6 5. e3 O-O 6. a3 c5 7. dxc5 Bxc5 8. b4
Bd6 9. Bxd6 Qxd6 10. cxd5 exd5 11. Nf3 Nc6 12. Be2 Bf5 13. O-O Rfd8 14. Nb5 Qe7
15. Nbd4 Bd7 16. Qb3 a5 17. b5 a4 18. Qa2 Na5 19. Rfc1 Rdc8 20. Rc2 Rc5 21.
Rxc5 Qxc5 22. Ne5 Be6 23. Nd3 Qd6 24. Nf4 Rc8 25. Qd2 Nc4 26. Qb4 Qxb4 27. axb4
Nb6 28. Nfxe6 fxe6 29. Nxe6 Rc2 30. Kf1 Ne4 31. f3 Nc3 32. Bd3 Rb2 33. Rc1 Rb3
34. Nc5 Ra3 35. Nxb7 g6 36. Nc5 Kf7 37. Ke1 Na2 38. Ra1 Ke7 39. Bb1 Nc3 40.
Rxa3 Nxb1 41. Nxa4 Nxa3 42. Nxb6 Ke6 43. Kd2 Nxb5 44. Kd3 h5 45. e4 dxe4+ 46.
fxe4 g5 47. Nd5 Ke5 48. Nc3 Nd6 49. b5 h4 50. g3 hxg3 51. hxg3 g4 52. b6 Nb7
53. Kc4 Kd6 54. Kb5 Nd8 55. Ka6 Kc6 56. Nd5 Kd6 57. b7 Nc6 58. Kb6 Nb8 59. Nc3
Kd7 60. Ka7 Nc6+ 61. Ka8 Kc7 62. Nd5+ Kd6 63. b8=Q+ Nxb8 64. Kxb8 Ke5 65. Nc3
Kd4 66. Kc7 1-0

[Event "BSF Lang Weekend EMT "]
[Site "Copenhagen"]
[Date "2016.02.14"]
[Round "4"]
[White "Moe, Mogens"]
[Black "Pedersen, Henrik Dahl"]
[Result "1/2-1/2"]
[WhiteElo "2105"]
[BlackElo "2227"]
[PlyCount "171"]
[EventDate "2016.02.12"]
[EventType "swiss"]
[EventRounds "7"]
[EventCountry "DEN"]

1. e4 c6 2. d4 d5 3. e5 Bf5 4. Nc3 e6 5. Nf3 h6 6. Be3 Bb4 7. Bd3 Ne7 8. O-O
Bxd3 9. Qxd3 Nf5 10. Ne2 Nd7 11. Qb3 Qb6 12. c4 Be7 13. Qc2 dxc4 14. Qxc4 Qb4
15. Qd3 Nb6 16. b3 Nd5 17. g4 Nfxe3 18. fxe3 Qb5 19. Rfd1 Qxd3 20. Rxd3 O-O 21.
e4 Nb4 22. Rd2 a5 23. a3 Na6 24. Kg2 Rfd8 25. Nc3 Nc7 26. Rd3 g5 27. a4 Rd7 28.
Rad1 Rad8 29. Ne1 Bb4 30. Nc2 Na6 31. Nxb4 Nxb4 32. R3d2 c5 33. d5 Nc6 34. Kg3
Nxe5 35. Nb5 b6 36. d6 Nc6 37. h3 Kg7 38. Kf2 e5 39. Rd3 Nd4 40. R1d2 Rxd6 41.
Nxd6 Rxd6 42. Ke3 Rf6 43. Rf2 Rf4 44. Rc3 Kf6 45. Rd3 Ke6 46. Rc3 h5 47. gxh5
Rh4 48. Kd2 Rxe4 49. Rg2 f6 50. Rg4 Re2+ 51. Kd3 Rh2 52. Kc4 Kf5 53. Rcg3 e4
54. Re3 Rc2+ 55. Kd5 Rd2 56. Kc4 Nc2 57. Rexe4 Rh2 58. h4 Ne3+ 59. Rxe3 Kxg4
60. hxg5 fxg5 61. Kb5 Kf4 62. Rc3 g4 63. Kxb6 Rxh5 64. Rc4+ Kf3 65. Rc3+ Kf2
66. Rc2+ Ke3 67. Rc3+ Kd2 68. Rg3 Rg5 69. Kxa5 c4+ 70. Kb4 cxb3 71. Kxb3 Ke2
72. Kb4 Kf2 73. Ra3 g3 74. Ra2+ Kf3 75. Ra3+ Ke4 76. Ra1 g2 77. Rg1 Kf3 78. a5
Kf2 79. Rxg2+ Rxg2 80. a6 Ke3 81. Kb5 Kd4 82. a7 Rg8 83. Kb6 Kc4 84. Kb7 Kb5
85. a8=Q Rxa8 86. Kxa8 1/2-1/2

[Event "BSF Lang Weekend EMT "]
[Site "Copenhagen"]
[Date "2016.02.14"]
[Round "4"]
[White "Schou Moldt, Thomas"]
[Black "Akdag, Dara Sevkan"]
[Result "1/2-1/2"]
[WhiteElo "2216"]
[BlackElo "2182"]
[PlyCount "104"]
[EventDate "2016.02.12"]
[EventType "swiss"]
[EventRounds "7"]
[EventCountry "DEN"]

1. e4 c5 2. Nf3 e6 3. d4 cxd4 4. Nxd4 Nc6 5. Nc3 Qc7 6. f4 a6 7. Nxc6 Qxc6 8.
Bd3 b5 9. Qe2 Bb7 10. Bd2 Be7 11. a3 Rc8 12. O-O-O Nf6 13. Rde1 d5 14. exd5
Nxd5 15. Nxd5 Qxd5 16. Kb1 O-O 17. Qe4 Qxe4 18. Bxe4 Bxe4 19. Rxe4 Rfd8 20. Ba5
Rd5 21. g3 g5 22. fxg5 Bxg5 23. Re2 Rc6 24. Rhe1 Kg7 25. Re5 Rxe5 26. Rxe5 Kf6
27. Re2 Kf5 28. Rf2+ Kg6 29. Bd2 f5 30. Bxg5 Kxg5 31. c3 e5 32. Kc2 Rd6 33. b3
h5 34. c4 Rf6 35. c5 Kg4 36. Kd3 h4 37. gxh4 Kxh4 38. b4 Kg5 39. Rg2+ Kf4 40.
Rf2+ Kg5 41. Rg2+ Kh6 42. Ke3 Kh7 43. Rg5 Kh6 44. h4 Rf7 45. Kf3 Rf8 46. Ke3
Rf6 47. Kf2 a5 48. bxa5 Rc6 49. Rxf5 Rxc5 50. a6 Rc6 51. Rxe5 Rxa6 52. Rxb5
Rxa3 1/2-1/2